LEADER 00890nam a2200217 i 4500 001 000000253280 003 CaOOAMICUS 005 20170310000000.0 008 170310s1899 it u000 u ita u 013 $a232185 040 $aSeMil$bita 245 10$aTome 2. 300 $a329 p. ;$c19 cm. 490 0 $aBibliothèque variée 650 4$aDesmoulins, Camille.$0(OLS)http://semarc/subject/45156 773 0 $aTaine, Hippolyte Adolphe <1828-1893>$tOrigines de la France contemporaine.$dParis : Librairie Hachette et C., 1899.$g1$w()5828 773 0 $aTaine, Hippolyte Adolphe <1828-1893>$tAncien régime.$b22. éd.$dParis : Hachette et C., 1899.$g2$w()7762 830 0$aBibliothèque variée.$0(OLS)http://semarc/title/400173 850 $aSeMil 852 $aSeMil$W1$xVenegono$y1$m3T VII 6 FA$j203626$B203626$CSeMilBibl$Z2$F216710 $8I 996 $6245$aTome 2$9(OLS)http://semarc/title/1533 LEADER 01622nam a2200325 i 4500 001 000000231431 003 CaOOAMICUS 005 20230630144015.0 008 140725s1667 it u000 u ita u 026 $arao, iot- nero miFe (3) 1667 (R) 040 $aSeMil$bita 100 1 $aPicinelli, Filippo,$d<1604-1678>.$0(OLS)http://semarc/name/79631 245 10$aLumi riflessi, o dir vogliamo concetti della sacra Bibbia osseruati ne i volumi non sacri. Studii eruditi dell'abbate don Filippo Picinelli milanese .. 246 0 $aLumi riflessi dell'abbate Picinelli 260 $aIn Milano :$bnella stampa di Francesco Vigone,$c1667. 300 $a[24], 918, [42] p., [1] carta di tav. :$britr. ;$cfol. 500 $aAntip. calcogr. incisa da G. Tasniere 500 $aIniz., testate, fregi xilogr. 500 $aRitr. calcogr. dell'A. 500 $aSegn.: a-c4 A-6E4 500 $aCors. ; rom. 500 $aFregio xilogr. (vaso di fiori) su front. stampato in rosso e nero 500 $aTesto su due colonne 700 1 $aVigone, Francesco,$c.$0(OLS)http://semarc/name/12716 850 $aSeMil 852 $aSeMil$W1$xVenegono$y1$m2V VI 7 FA$j181777$B181777$CSeMilBibl$Z2$F192592 $8I 996 $6246$aLumi riflessi dell'abbate Picinelli$9(OLS)http://semarc/title/330516 996 $6245$aLumi riflessi, o dir vogliamo concetti della sacra Bibbia osseruati ne i volumi non sacri. Studii eruditi dell'abbate don Filippo Picinelli milanese ..$9(OLS)http://semarc/title/330515 996 $6260$aIn Milano :$bnella stampa di Francesco Vigone$9(OLS)http://semarc/publisher/55636